[Event "55th Biel Master Open"]
[Site "Biel SUI"]
[Date "2022.07.22"]
[Round "9.10"]
[White "Banusz, Tamas"]
[Black "Licznerski, Lukasz"]
[Result "1-0"]
[WhiteTitle "GM"]
[BlackTitle "IM"]
[WhiteElo "2611"]
[BlackElo "2451"]
[WhiteFideId "722413"]
[BlackFideId "1179250"]
[EventDate "2022.07.13"]

1. Nf3 Nf6 2. c4 g6 3. Nc3 d5 4. cxd5 Nxd5 5. h4 Bg7 6. e4 Nxc3 7. dxc3 Qxd1+ 8.
Kxd1 Nd7 9. h5 Nc5 10. h6 Bf8 11. e5 Bg4 12. Be3 O-O-O+ 13. Kc1 Bxf3 14. gxf3 e6
15. Kc2 a6 16. a4 Be7 17. f4 Nd7 18. a5 Rhe8 19. b4 c6 20. Bc4 Bf8 21. Rae1 Kc7
22. Kb3 Kc8 23. f3 Kb8 24. Bc1 Kc7 25. f5 gxf5 26. Rhg1 b5 27. axb6+ Kxb6 28.
Rg8 f6 29. Rh8 fxe5 30. Rxh7 f4 31. Rd1 Kc7 32. Rg1 Bd6 33. Rgg7 e4 34. fxe4 Be5
35. Rf7 Kd6 36. Bxf4 Bxf4 37. Rxf4 Rh8 38. Rxh8 Rxh8 39. Rh4 Ne5 40. Bxa6 Rh7
41. c4 Nf7 42. c5+ Ke7 43. Ka4 Rxh6 44. Rxh6 Nxh6 45. Ka5 Ng4 46. Kb6 Kd7 47. b5
cxb5 48. c6+ 1-0

[Event "55th Biel Master Open"]
[Site "Biel SUI"]
[Date "2022.07.22"]
[Round "9.11"]
[White "Aryan, Chopra"]
[Black "Gurel, Ediz"]
[Result "1-0"]
[WhiteTitle "GM"]
[BlackTitle "IM"]
[WhiteElo "2610"]
[BlackElo "2435"]
[WhiteFideId "5084423"]
[BlackFideId "44507356"]
[EventDate "2022.07.13"]

1. e4 c5 2. Nf3 e6 3. d4 cxd4 4. Nxd4 a6 5. c4 Nf6 6. Nc3 Bb4 7. Qd3 d5 8. exd5
exd5 9. Be2 O-O 10. O-O Nc6 11. Nxc6 bxc6 12. cxd5 Nxd5 13. Nxd5 Qxd5 14. Qxd5
cxd5 15. Bf4 a5 16. Rfd1 Be6 17. Bf3 Rfd8 18. Rac1 Be7 19. Be5 h6 20. Kf1 Rac8
21. Bc7 Rd7 22. Bxa5 Rxc1 23. Rxc1 d4 24. a3 d3 25. Bd2 Bf6 26. b4 Ra7 27. b5
Rxa3 28. b6 Rb3 29. b7 Kh7 30. g3 Be5 31. Kg2 g5 32. Rc5 Bd6 33. Rc6 Be5 34. Bc3
Bb8 35. Rc8 Bd6 36. Bh5 Bd5+ 37. f3 f6 38. Bxf6 Bg8 39. Rd8 1-0

[Event "55th Biel Master Open"]
[Site "Biel SUI"]
[Date "2022.07.22"]
[Round "9.12"]
[White "Huschenbeth, Niclas"]
[Black "Krishna, C R G"]
[Result "1/2-1/2"]
[WhiteTitle "GM"]
[BlackTitle "IM"]
[WhiteElo "2610"]
[BlackElo "2430"]
[WhiteFideId "24604747"]
[BlackFideId "5018625"]
[EventDate "2022.07.13"]

1. e4 e6 2. d4 d5 3. Nc3 Bb4 4. e5 c5 5. a3 Bxc3+ 6. bxc3 Ne7 7. Qg4 cxd4 8. Bd3
Qa5 9. Rb1 Nd7 10. Nf3 Qxc3+ 11. Bd2 Qc7 12. O-O Nxe5 13. Nxe5 Qxe5 14. Bf4 Qf6
15. Bg5 Qe5 16. Bf4 Qf6 17. Bg5 Qe5 1/2-1/2

[Event "55th Biel Master Open"]
[Site "Biel SUI"]
[Date "2022.07.22"]
[Round "9.13"]
[White "Hilby, Craig"]
[Black "Ganguly, Surya Shekhar"]
[Result "1/2-1/2"]
[WhiteTitle "IM"]
[BlackTitle "GM"]
[WhiteElo "2422"]
[BlackElo "2608"]
[WhiteFideId "2062674"]
[BlackFideId "5002150"]
[EventDate "2022.07.13"]

1. e4 c5 2. Nf3 d6 3. d4 cxd4 4. Nxd4 Nf6 5. Nc3 a6 6. Be3 e5 7. Nf3 Be7 8. Bc4
O-O 9. O-O Nc6 10. Re1 Be6 11. Nd5 Bxd5 12. exd5 b5 13. Bf1 Nb4 14. c4 bxc4 15.
Bxc4 Qc7 16. Rc1 Qb7 17. Qb3 Rfb8 18. Red1 Qd7 19. Qc3 Qb7 20. Qb3 Qd7 21. Qc3
Qb7 1/2-1/2

[Event "55th Biel Master Open"]
[Site "Biel SUI"]
[Date "2022.07.22"]
[Round "9.14"]
[White "Iniyan, P"]
[Black "Korley, Kassa"]
[Result "1-0"]
[WhiteTitle "GM"]
[BlackTitle "IM"]
[WhiteElo "2533"]
[BlackElo "2421"]
[WhiteFideId "25002767"]
[BlackFideId "2033801"]
[EventDate "2022.07.13"]

1. d4 d5 2. c4 e6 3. Nc3 a6 4. cxd5 exd5 5. Qb3 Bd6 6. Qxd5 Nf6 7. Qb3 c5 8. Nf3
cxd4 9. Nxd4 Bc5 10. Nf3 Be6 11. Qd1 Qe7 12. e3 Nc6 13. a3 O-O 14. Be2 Rfd8 15.
Qc2 Rac8 16. O-O Bd6 17. h3 h6 18. Bd2 Qd7 19. Qa4 b5 20. Qh4 Ne7 21. Ne4 Nxe4
22. Qxe4 Bf5 23. Qh4 Ng6 24. Qh5 Ne5 25. Ba5 Re8 26. Rfd1 Nxf3+ 27. Bxf3 Bc2 28.
Bb4 1-0

[Event "55th Biel Master Open"]
[Site "Biel SUI"]
[Date "2022.07.22"]
[Round "9.15"]
[White "Gagare, Shardul"]
[Black "Peyrer, Konstantin"]
[Result "1-0"]
[WhiteTitle "GM"]
[BlackTitle "FM"]
[WhiteElo "2514"]
[BlackElo "2406"]
[WhiteFideId "5037883"]
[BlackFideId "1640879"]
[EventDate "2022.07.13"]

1. Nf3 Nf6 2. g3 g6 3. b3 Bg7 4. Bb2 O-O 5. Bg2 d6 6. c4 e5 7. O-O Nc6 8. d3 Nh5
9. Nc3 f5 10. a3 Be6 11. Nd2 Qd7 12. b4 e4 13. dxe4 f4 14. Nf3 Bxc4 15. Rc1 Rae8
16. Na4 Bxb2 17. Rxc4 Bg7 18. Qd5+ Kh8 19. Nc5 Qe7 20. Nxb7 Ne5 21. Nxe5 Bxe5
22. Na5 fxg3 23. hxg3 Qg5 24. Qd3 Nxg3 25. fxg3 Rxf1+ 26. Kxf1 Bxg3 27. Nc6 Rf8+
28. Bf3 Qh4 29. Qd4+ Kg8 30. Qg1 Kh8 31. Rc3 g5 32. Qd4+ Kg8 33. Ne7+ Kf7 34.
Nf5 1-0

[Event "55th Biel Master Open"]
[Site "Biel SUI"]
[Date "2022.07.22"]
[Round "9.16"]
[White "Bharath, Subramaniyam H"]
[Black "Katz, Alexander"]
[Result "*"]
[WhiteTitle "GM"]
[BlackTitle "IM"]
[WhiteElo "2479"]
[BlackElo "2402"]
[WhiteFideId "46634827"]
[BlackFideId "2039796"]
[EventDate "2022.07.13"]

1. d4 Nf6 2. Nf3 e6 3. Bf4 d5 4. c3 Bd6 5. e3 O-O 6. Nbd2 c5 7. Bg3 Qc7 8. dxc5
Qxc5 9. Bd3 Nbd7 10. Qe2 e5 11. e4 dxe4 12. Bxe4 Nxe4 13. Nxe4 Qc6 14. Nxd6 Qxd6
15. O-O f6 16. c4 Nc5 17. b4 Qd3 18. Qb2 Ne4 19. Rac1 Rd8 20. Rfe1 Bf5 21. Re3
Qd7 22. Nh4 a5 23. bxa5 Nc5 24. Qb6 Rac8 25. Nxf5 Qxf5 26. Ree1 Rd2 27. Rcd1 Qc2
28. Rxd2 Qxd2 29. f3 Qxa2 30. Qb5 Qc2 31. h3 h6 32. Rf1 e4 33. fxe4 Qxe4 34. Re1
Qc6 35. Rb1 Ne4 36. Qxc6 Rxc6 37. Bb8 Rxc4 38. Rxb7 Ra4 39. Ra7 Ra1+ 40. Kh2 h5
41. Ra8 Kh7 42. h4 Nd2 43. Bc7 g5 44. hxg5 fxg5 45. a6 h4 46. Be5 Ra2 47. Kh3
Ra5 48. Bb2 Ne4 49. a7 Rd5 50. Kg4 Nf2+ 51. Kh5 *

[Event "55th Biel Master Open"]
[Site "Biel SUI"]
[Date "2022.07.22"]
[Round "9.17"]
[White "Shevchenko, Kirill"]
[Black "Karthik, Rajaa"]
[Result "1-0"]
[WhiteTitle "GM"]
[BlackTitle "FM"]
[WhiteElo "2654"]
[BlackElo "2331"]
[WhiteFideId "14129574"]
[BlackFideId "25035215"]
[EventDate "2022.07.13"]

1. e4 c6 2. d4 d5 3. f3 Qb6 4. Nc3 e6 5. a3 Nf6 6. e5 Nfd7 7. b4 a5 8. b5 a4 9.
f4 c5 10. Be3 cxd4 11. Bxd4 Bc5 12. Nf3 Bxd4 13. Qxd4 Qxd4 14. Nxd4 Nb6 15. Kd2
N8d7 16. Bd3 Nc5 17. Nd1 Bd7 18. Ne3 O-O 19. c4 dxc4 20. Nxc4 Nxc4+ 21. Bxc4
Rfd8 22. Ke3 Rdc8 23. Rhb1 b6 24. Rb4 Kf8 25. Be2 Nb3 26. Nxb3 Rc3+ 27. Kd2 Rxb3
28. Rxb3 axb3 29. Kc3 Ra4 30. g3 g5 31. Rd1 Ke7 32. Kxb3 Re4 33. Bd3 Re3 34. Kb4
gxf4 35. gxf4 Rf3 36. Bc4 Rxf4 37. Rd6 Re4 38. Rxb6 Rxe5 39. a4 Kd8 40. Rb8+ Kc7
41. Rf8 Re1 42. Rxf7 Kd6 43. Rf1 Rxf1 44. Bxf1 e5 45. Bd3 h6 46. Be4 1-0

[Event "55th Biel Master Open"]
[Site "Biel SUI"]
[Date "2022.07.22"]
[Round "9.18"]
[White "Azarov, Sergei"]
[Black "Seul, Georg"]
[Result "1-0"]
[WhiteTitle "GM"]
[BlackTitle "IM"]
[WhiteElo "2566"]
[BlackElo "2367"]
[WhiteFideId "13501470"]
[BlackFideId "4601653"]
[EventDate "2022.07.13"]

1. e4 c6 2. d4 d5 3. e5 c5 4. dxc5 e6 5. Be3 Nd7 6. Bb5 Ne7 7. Bd4 Qa5+ 8. Nc3
a6 9. Bxd7+ Bxd7 10. a3 Nf5 11. b4 Qc7 12. Nf3 Be7 13. O-O O-O 14. Ne2 Nxd4 15.
Qxd4 Rfc8 16. Ng3 b6 17. cxb6 Qb7 18. Nd2 Rxc2 19. Nb3 Rac8 20. Na5 Qb8 21. b7
R8c3 22. Ne4 Rc4 23. Nxc4 Rxc4 24. Qd3 Bb5 25. Nc3 Bc6 26. Rac1 Qxe5 27. Ne2
Rxc1 28. Rxc1 Bxb7 29. Qe3 Qxe3 30. fxe3 Bd6 31. Nd4 Kf8 32. Nb3 d4 33. exd4 Ke7
34. Nc5 Bc8 35. Ne4 Bd7 36. Nxd6 Kxd6 37. Rc5 h6 38. Kf2 g5 39. g3 f6 40. Ke3 1-0

[Event "55th Biel Master Open"]
[Site "Biel SUI"]
[Date "2022.07.22"]
[Round "9.19"]
[White "Meduri, Aakaash"]
[Black "Rathanvel, V S"]
[Result "1-0"]
[BlackTitle "IM"]
[WhiteElo "2000"]
[BlackElo "2478"]
[WhiteFideId "2032252"]
[BlackFideId "25002112"]
[EventDate "2022.07.13"]

1. d4 Nf6 2. Nc3 d5 3. Bf4 e6 4. Nb5 Na6 5. e3 Bb4+ 6. c3 Be7 7. Nf3 Ne4 8. a4
O-O 9. Bd3 c6 10. Na3 Nc7 11. Bxe4 dxe4 12. Nd2 f5 13. Bxc7 Qxc7 14. f4 exf3 15.
Nxf3 b6 16. Qb3 Rf6 17. Nc4 Rb8 18. Nce5 c5 19. O-O Bb7 20. Rae1 a6 21. Ng5 Bd5
22. Qd1 Bd6 23. e4 fxe4 24. Qh5 h6 25. Rxf6 gxf6 26. Ngf7 Bxe5 27. Nxh6+ Kg7 28.
dxe5 Qxe5 29. Qf7+ Kxh6 30. Re3 Rb7 31. Rh3+ Kg5 32. Qh5+ Kf4 33. Qh4+ Kf5 34.
Rg3 Qb8 35. Qh5+ Kf4 36. Rg4+ Ke3 37. Qh6+ Kd3 38. Qc1 Qe5 39. Qd1+ Kc4 40. Qc2
Bc6 41. b3+ Kd5 42. Qd2+ Qd4+ 43. cxd4 cxd4 44. Qb4 Ke5 45. Kf2 Bd5 46. Rh4 Rc7
47. Qxb6 Rc2+ 48. Ke1 d3 49. Qb8+ Kd4 50. Qb4+ Ke5 51. Qb8+ Kd4 52. Qb4+ Ke5 53.
Rh5+ f5 54. Qb8+ Kd4 55. Qb4+ Ke5 56. Qb8+ Kd4 57. Qh8+ Kc5 58. Qf8+ Kd4 59.
Qg7+ Kc5 60. Qe7+ Kd4 61. Qg7+ Kc5 62. Rh8 Kb4 63. Qa1 Re2+ 64. Kf1 Kc5 65. Qc3+
Kd6 66. Rd8+ Ke7 67. Qc7+ Kf6 68. Rf8+ 1-0

[Event "55th Biel Master Open"]
[Site "Biel SUI"]
[Date "2022.07.22"]
[Round "9.21"]
[White "Gaehwiler, Gabriel"]
[Black "Schnepp, Gunnar"]
[Result "1/2-1/2"]
[WhiteTitle "IM"]
[BlackTitle "FM"]
[WhiteElo "2420"]
[BlackElo "2265"]
[WhiteFideId "1314530"]
[BlackFideId "1604503"]
[EventDate "2022.07.13"]

1. e4 c5 2. Nf3 d6 3. d4 cxd4 4. Nxd4 Nf6 5. Nc3 a6 6. g3 e5 7. Nde2 Be6 8. Bg2
Nbd7 9. a4 Be7 10. b3 O-O 11. O-O Qc7 12. h3 Rac8 13. Be3 b5 14. axb5 axb5 15.
Ra2 b4 16. Nd5 Nxd5 17. exd5 Bf5 18. Qd2 Qb7 19. f4 Nc5 20. fxe5 Be4 21. Bxc5
Bxg2 22. Ra7 Qxd5 23. Qxd5 Bxd5 24. exd6 Bd8 25. Bd4 Rxc2 26. Nf4 Bxb3 27. Rb1
Rc4 28. Rxb3 Rxd4 29. Rb7 Rxd6 30. R3xb4 Rd2 31. Rb2 Rxb2 32. Rxb2 Bc7 33. Rb4
Rb8 34. Rxb8+ Bxb8 35. Ne2 h5 36. g4 Be5 37. Kg2 Kh7 38. Ng1 h4 39. Kf3 Kg6 40.
Ke4 f6 41. Nf3 Bg3 42. Nd4 Kf7 43. Nf5 Be1 44. Kd5 Bg3 45. Ke4 Be1 46. Kd5 1/2-1/2

[Event "55th Biel Master Open"]
[Site "Biel SUI"]
[Date "2022.07.22"]
[Round "9.22"]
[White "Tanmay, Chopra"]
[Black "Dushyant, Sharma"]
[Result "0-1"]
[WhiteTitle "FM"]
[BlackTitle "IM"]
[WhiteElo "2322"]
[BlackElo "2416"]
[WhiteFideId "25630946"]
[BlackFideId "25065130"]
[EventDate "2022.07.13"]

1. d4 d5 2. c4 dxc4 3. e3 Nf6 4. Bxc4 e6 5. Nf3 c5 6. O-O a6 7. b3 Nc6 8. dxc5
Bxc5 9. Nbd2 b5 10. Be2 Bb7 11. a4 Qb6 12. Bb2 O-O 13. Qb1 Rfd8 14. Ng5 Rxd2 15.
Bxf6 g6 16. Bf3 Nb4 17. Bxb7 Qxb7 18. Qe4 Rd5 19. Qh4 h5 20. Ne4 bxa4 21. bxa4
Nd3 22. Rad1 Rc8 23. Ba1 Be7 24. Nf6+ Kf8 25. e4 Rc4 26. Qg3 Bd6 27. Qe3 Bf4 28.
Qf3 Nxf2 29. Qxf2 Rxd1 30. Rxd1 e5 31. g3 Qb3 32. Qe2 Rc2 33. Qf1 Qe3+ 0-1

[Event "55th Biel Master Open"]
[Site "Biel SUI"]
[Date "2022.07.22"]
[Round "9.23"]
[White "Unuk, Laura"]
[Black "Materia, Marco"]
[Result "1-0"]
[WhiteTitle "IM"]
[BlackTitle "IM"]
[WhiteElo "2340"]
[BlackElo "2409"]
[WhiteFideId "14609215"]
[BlackFideId "45150451"]
[EventDate "2022.07.13"]

1. d4 Nf6 2. c4 e6 3. Nc3 Bb4 4. e3 O-O 5. Bd3 d5 6. cxd5 exd5 7. Ne2 Re8 8. Qc2
c6 9. Bd2 Nbd7 10. f3 c5 11. a3 Ba5 12. O-O-O c4 13. Bf5 Nf8 14. g4 Bxf5 15.
gxf5 b5 16. e4 dxe4 17. fxe4 b4 18. axb4 Bxb4 19. Bg5 h6 20. Bh4 Be7 21. e5 Nd5
22. Bxe7 Rxe7 23. Nxd5 Qxd5 24. Rhg1 Rb7 25. Nc3 Qf3 26. Rg3 Qf4+ 27. Qd2 Qxd2+
28. Rxd2 Rd8 29. Ne4 Rb3 30. d5 Rxg3 31. hxg3 Nd7 32. e6 Nb6 33. d6 fxe6 34.
fxe6 1-0

[Event "55th Biel Master Open"]
[Site "Biel SUI"]
[Date "2022.07.22"]
[Round "9.24"]
[White "Song, Julien"]
[Black "Aaron, Deepak"]
[Result "1-0"]
[WhiteTitle "IM"]
[WhiteElo "2391"]
[BlackElo "2221"]
[WhiteFideId "659487"]
[BlackFideId "2009412"]
[EventDate "2022.07.13"]

1. d4 e6 2. e4 d5 3. Nc3 Nf6 4. e5 Nfd7 5. f4 c5 6. Nf3 Nc6 7. Be3 cxd4 8. Nxd4
Bc5 9. Qd2 O-O 10. O-O-O Nxd4 11. Bxd4 a6 12. Qe3 Bxd4 13. Rxd4 b5 14. Bd3 b4
15. Rxb4 a5 16. Rb3 Ba6 17. Na4 Bxd3 18. Qxd3 Rc8 19. Rc3 Rb8 20. a3 Qe8 21. Qd4
f6 22. exf6 Nxf6 23. g3 Ne4 24. Rc7 Rf7 25. Rxf7 Qxf7 26. Nc3 Nd6 27. Qe5 Rb6
28. Re1 Nc4 29. Qg5 Qf6 30. Qxf6 gxf6 31. f5 Kf7 32. b3 Ne5 33. fxe6+ Kxe6 34.
Rd1 Rd6 35. Nb5 Rd7 36. Nd4+ Kf7 37. a4 Kg6 38. c3 h5 39. h4 Rg7 40. Ne6 Rb7 41.
Nd4 Rg7 42. Kd2 Kf7 43. Ne2 Rg4 44. Rf1 Rg8 45. Rf5 Rb8 46. Kc2 Kg6 47. Rf4 Re8
48. Rf1 Ng4 49. Nf4+ Kf7 50. Rf3 Re5 51. Rd3 Nf2 52. Rxd5 Re3 53. Rd7+ Kf8 54.
Nxh5 Ne4 55. Rc7 f5 56. Nf4 Rxg3 57. h5 Rf3 58. Ng6+ Ke8 59. Rc8+ Kd7 60. Ne5+ 1-0

[Event "55th Biel Master Open"]
[Site "Biel SUI"]
[Date "2022.07.22"]
[Round "9.25"]
[White "Aziz, Husain"]
[Black "Dishman, Stephen"]
[Result "*"]
[WhiteTitle "IM"]
[BlackTitle "FM"]
[WhiteElo "2380"]
[BlackElo "2252"]
[WhiteFideId "12100293"]
[BlackFideId "403024"]
[EventDate "2022.07.13"]

1. e4 c6 2. d4 d5 3. exd5 cxd5 4. Bd3 Nf6 5. h3 g6 6. Nf3 Bf5 7. O-O Nc6 8. Re1
e6 9. Bb5 h5 10. Ne5 Rc8 11. Nc3 h4 12. Bf4 Bd6 13. Na4 Kf8 14. Bxc6 bxc6 15.
Nc5 Bxc5 16. dxc5 Nh5 17. Bh2 f6 18. Nf3 Ng7 19. c3 Qd7 20. Bd6+ Kf7 21. Qd4 g5
22. Be5 Qd8 23. Nxg5+ fxg5 24. Bxg7 Rg8 25. Be5 g4 26. Kh2 Qg5 27. hxg4 Qxg4 28.
Qxg4 Rxg4 29. f3 Rg5 30. Rad1 Rcg8 31. Re2 Ke7 32. Rd4 h3 33. g4 Be4 34. Bd6+
Kd7 35. fxe4 Rxg4 36. exd5 Rg2+ 37. Rxg2 Rxg2+ 38. Kxh3 Rxb2 39. dxc6+ Kxc6 40.
Ra4 Rb7 41. Kg4 Rf7 42. Kg5 Kb5 43. Rf4 Rg7+ 44. Kf6 Rg2 45. Kxe6 Rxa2 46. Kd7 *

[Event "55th Biel Master Open"]
[Site "Biel SUI"]
[Date "2022.07.22"]
[Round "9.26"]
[White "Schlegel, Igor"]
[Black "Ajay Krishna, S"]
[Result "1-0"]
[BlackTitle "IM"]
[WhiteElo "2194"]
[BlackElo "2372"]
[WhiteFideId "1334956"]
[BlackFideId "5096430"]
[EventDate "2022.07.13"]

1. e4 c5 2. Nf3 d6 3. d4 cxd4 4. Nxd4 Nf6 5. Nc3 a6 6. Bg5 e6 7. f4 Qc7 8. Bxf6
gxf6 9. Qd2 h5 10. O-O-O Bd7 11. Kb1 Nc6 12. Bc4 Na5 13. Be2 O-O-O 14. Rhf1 Nc4
15. Qd3 Nb6 16. Qh3 h4 17. f5 e5 18. Ne6 fxe6 19. fxe6 Kb8 20. exd7 Nxd7 21. Nd5
Qc6 22. Rd3 Rh6 23. Rc3 Qa4 24. Rc4 Qa5 25. b4 Qa4 26. Rf3 Qb5 27. a4 Qxa4 28.
Ra3 Qb5 29. Rc8+ Rxc8 30. Bxb5 Nc5 31. bxc5 axb5 32. Ra8+ 1-0

[Event "55th Biel Master Open"]
[Site "Biel SUI"]
[Date "2022.07.22"]
[Round "9.27"]
[White "Akshit, Kumar J"]
[Black "Herrera Reyes, Jose Antonio"]
[Result "1/2-1/2"]
[BlackTitle "FM"]
[WhiteElo "2103"]
[BlackElo "2345"]
[WhiteFideId "25097431"]
[BlackFideId "2274914"]
[EventDate "2022.07.13"]

1. e4 c5 2. Nf3 e6 3. d4 cxd4 4. Nxd4 a6 5. Bd3 Bc5 6. Nb3 Ba7 7. Qg4 Kf8 8. Bg5
f6 9. Bd2 Nc6 10. Nc3 b5 11. h4 Bb7 12. h5 Ne5 13. Qe2 Qc7 14. a4 b4 15. Na2 Ne7
16. Bxb4 Kf7 17. Ba5 Qb8 18. Bd2 d5 19. O-O g5 20. Na5 g4 21. Be3 dxe4 22. Bxe4
Bxe4 23. Bxa7 Rxa7 24. Qxe4 Rd7 25. Nc4 Rd5 26. Rfe1 Rg8 27. Kf1 Rg5 28. Nc3 Kg7
29. Qf4 Rxh5 30. Nxd5 Nxd5 31. Qg3 Qb4 32. Nxe5 Rh1+ 33. Ke2 Nf4+ 34. Ke3 Rxe1+
35. Rxe1 fxe5 36. c3 Qxb2 37. Qxg4+ Kf7 38. Kf3 Qxc3+ 39. Re3 Qc6+ 40. Re4 Qd5
41. Qg5 Qd1+ 42. Kg3 Ne2+ 43. Rxe2 Qxe2 44. Qd8 Qh5 45. a5 Qg6+ 46. Kh2 Qh6+ 47.
Kg1 Qc1+ 48. Kh2 Qf4+ 49. Kg1 Qd4 50. Qb6 Qc4 51. Qa7+ Kg6 52. Qb8 Kf5 53. Qf8+
Ke4 54. Qg7 h5 55. Qh7+ Kd5 56. Qxh5 Qc1+ 57. Kh2 Qf4+ 58. Kg1 1/2-1/2

[Event "55th Biel Master Open"]
[Site "Biel SUI"]
[Date "2022.07.22"]
[Round "9.28"]
[White "Abdulrahman Mohammad, Al Taher"]
[Black "Sahithi Varshini M"]
[Result "*"]
[BlackTitle "WIM"]
[WhiteElo "2029"]
[BlackElo "2312"]
[WhiteFideId "9310258"]
[BlackFideId "45095248"]
[EventDate "2022.07.13"]

1. d4 Nf6 2. c4 e6 3. Nc3 Bb4 4. e3 O-O 5. Bd3 d5 6. cxd5 exd5 7. Ne2 Nc6 8. a3
Bd6 9. f3 Re8 10. O-O Bf8 11. Qe1 Na5 12. e4 Nb3 13. Bg5 Nxa1 14. Bxf6 Qxf6 15.
Nxd5 Qd8 16. Qxa1 c6 17. Ne3 Bd7 18. Qe1 c5 19. d5 b5 20. Qg3 c4 21. Bb1 Qf6 22.
Nd1 Bc5+ 23. Kh1 a5 24. f4 b4 25. Qf3 Qh4 26. h3 h5 27. Ne3 bxa3 28. bxa3 Bxe3
29. Qxe3 Rab8 30. Nd4 Qe7 31. e5 c3 32. Qxc3 Rec8 33. Qd3 g6 34. e6 Be8 35. f5
Qg5 36. fxg6 fxg6 37. Nf3 Qf6 38. Nd4 Qg5 39. Qf3 Rc1 40. Be4 Rxf1+ 41. Qxf1 Qe5
42. Nc6 Bxc6 43. Qf7+ Kh8 44. Bxg6 Qe1+ 45. Kh2 Qe5+ *

[Event "55th Biel Master Open"]
[Site "Biel SUI"]
[Date "2022.07.22"]
[Round "9.29"]
[White "Kolbus, Dietmar"]
[Black "Lou, Vincent"]
[Result "1/2-1/2"]
[WhiteTitle "IM"]
[WhiteElo "2285"]
[BlackElo "2200"]
[WhiteFideId "4610628"]
[BlackFideId "1334972"]
[EventDate "2022.07.13"]

1. c4 c5 2. Nf3 Nc6 3. Nc3 g6 4. d4 cxd4 5. Nxd4 Bg7 6. Nxc6 bxc6 7. e4 d6 8.
Be2 Nf6 9. O-O O-O 10. Be3 Nd7 11. Qd2 Qc7 12. Rac1 Rb8 13. Na4 Nf6 14. f3 Rd8
15. Rfd1 Bd7 16. b3 Be8 17. Bf1 c5 18. Nc3 a5 19. Nb5 Qb6 20. a4 Bc6 21. Kh1 Nd7
22. Bd3 Ra8 23. Bb1 Nf8 24. Qe2 Ne6 25. Bc2 Nd4 26. Nxd4 cxd4 27. Bd2 e5 28. Rb1
Rf8 29. Re1 f5 30. Bd3 Kh8 31. Qd1 Bd7 32. Qe2 Qc7 33. Rf1 Rf7 34. Qe1 f4 35.
Qe2 Bf8 36. g4 fxg3 37. hxg3 Bg7 38. Qh2 Be6 39. Kg2 Kg8 40. Qh4 Raf8 41. Rf2
Bf6 42. Qh6 Bg7 43. Qh4 Bf6 44. Qh6 Bd8 45. Rff1 Qe7 46. Rbe1 Rg7 47. Rh1 g5 48.
Ref1 Rf6 49. Qh2 Rgg6 50. g4 Rg7 51. Qg3 1/2-1/2

[Event "55th Biel Master Open"]
[Site "Biel SUI"]
[Date "2022.07.22"]
[Round "9.30"]
[White "Mamedov, Edgar"]
[Black "Popiol, Michal"]
[Result "1-0"]
[WhiteTitle "CM"]
[BlackTitle "CM"]
[WhiteElo "2227"]
[BlackElo "2118"]
[WhiteFideId "13739980"]
[BlackFideId "1144472"]
[EventDate "2022.07.13"]

1. d4 Nf6 2. Bg5 g6 3. Bxf6 exf6 4. e3 d5 5. c4 dxc4 6. Bxc4 Bd6 7. Nc3 O-O 8.
Nf3 c6 9. O-O Nd7 10. e4 b5 11. Bb3 a6 12. Re1 c5 13. e5 cxd4 14. exd6 dxc3 15.
bxc3 Bb7 16. Bd5 Bxd5 17. Qxd5 Nb6 18. Qd4 Rc8 19. Nd2 f5 20. Rad1 Rc6 21. Nf3
Nc4 22. d7 Rd6 23. Qa7 Rxd1 24. Rxd1 Qf6 25. Qd4 Qd8 26. Ne5 Nxe5 27. Qxe5 Qa8
28. Re1 Rd8 29. Qe8+ Kg7 30. Re7 Qd5 31. Rxf7+ Kh6 32. Qe3+ g5 33. Qh3+ 1-0

[Event "55th Biel Master Open"]
[Site "Biel SUI"]
[Date "2022.07.22"]
[Round "9.31"]
[White "Stijve, Theo"]
[Black "Matsumura, Cocoro"]
[Result "1-0"]
[WhiteTitle "FM"]
[WhiteElo "2394"]
[BlackElo "2043"]
[WhiteFideId "1331132"]
[BlackFideId "36087114"]
[EventDate "2022.07.13"]

1. Nf3 d5 2. c4 d4 3. g3 Nc6 4. Bg2 e5 5. d3 Bc5 6. O-O Nge7 7. Na3 O-O 8. Rb1
Ng6 9. Bd2 Qe7 10. Nc2 a5 11. e3 dxe3 12. Nxe3 Qd6 13. Ng5 Qxd3 14. Be4 Qd6 15.
Bd5 Nce7 16. Qh5 h6 17. Ne4 Qb6 18. b4 Bd4 19. c5 Qb5 20. bxa5 Qd7 21. Bc4 Qc6
22. f3 Nf4 23. gxf4 exf4 24. Bc3 Bxe3+ 25. Kh1 Qg6 26. Rg1 Bxg1 27. Rxg1 Qxg1+
28. Kxg1 Nf5 29. Nf6+ Kh8 30. Bxf7 Ra6 31. Qg6 1-0

[Event "55th Biel Master Open"]
[Site "Biel SUI"]
[Date "2022.07.22"]
[Round "9.32"]
[White "Aydin, Gulenay"]
[Black "Bewersdorff, Oliver"]
[Result "0-1"]
[WhiteTitle "WFM"]
[BlackTitle "FM"]
[WhiteElo "2100"]
[BlackElo "2280"]
[WhiteFideId "34557431"]
[BlackFideId "4602897"]
[EventDate "2022.07.13"]

1. e4 e5 2. Nf3 Nc6 3. Nc3 Nf6 4. Bb5 Bd6 5. d3 a6 6. Ba4 h6 7. Bb3 Bb4 8. a3
Ba5 9. O-O d6 10. h3 O-O 11. Be3 Be6 12. Bxe6 fxe6 13. b4 Bb6 14. Bxb6 cxb6 15.
d4 exd4 16. Nxd4 Qe7 17. Nxc6 bxc6 18. Qe2 b5 19. Rfe1 e5 20. Rad1 a5 21. Qd2
axb4 22. axb4 Rad8 23. Qe3 Qc7 24. Ra1 Ra8 25. Ne2 d5 26. Ng3 d4 27. Qd3 Kh8 28.
c3 Rad8 29. Ra2 dxc3 30. Qxc3 Rd4 31. Qc5 Rf7 32. Rc2 Qd6 33. Qxd6 Rxd6 34. Nf5
Re6 35. f3 Nd7 36. Rd1 Kh7 37. Nd6 Rff6 38. Nxb5 Nb6 39. Na3 Kg6 40. Nc4 Nxc4
41. Rxc4 h5 42. h4 Kh6 43. Rd8 Rd6 44. Rc8 Kg6 45. Rc5 Rde6 46. Ra8 Re7 47. Raa5
Rfe6 48. Ra6 Rd7 49. b5 0-1